[Event "World Youth & Cadets Rapid Championships"]
[Site "Rhodes, Greece"]
[Date "2022.05.01"]
[Round "3.41"]
[White "Alessi, Clio"]
[Black "Rzadkowska, Kaja"]
[Result "0-1"]
[TimeControl "10'/game & 5\"/move"]
[WhiteElo "1410"]
[BlackElo "1244"]

1. e4 {[%clk 00:10:08]} {[%emt 00:00:02]} c5 {[%clk 00:10:06]} {[%emt
00:00:04]} 2. c3 {[%clk 00:10:11]} {[%emt 00:00:02]} Nf6 {[%clk 00:10:06]}
{[%emt 00:00:04]} 3. e5 {[%clk 00:10:15]} {[%emt 00:00:02]} Nd5 {[%clk
00:10:07]} {[%emt 00:00:04]} 4. d4 {[%clk 00:10:18]} {[%emt 00:00:02]} cxd4
{[%clk 00:10:09]} {[%emt 00:00:03]} 5. Nf3 {[%clk 00:10:20]} {[%emt 00:00:03]}
e6 {[%clk 00:10:10]} {[%emt 00:00:04]} 6. cxd4 {[%clk 00:10:23]} {[%emt
00:00:02]} Nc6 {[%clk 00:10:04]} {[%emt 00:00:11]} 7. Be2 {[%clk 00:10:07]}
{[%emt 00:00:21]} d6 {[%clk 00:10:03]} {[%emt 00:00:06]} 8. O-O {[%clk
00:10:05]} {[%emt 00:00:08]} Be7 {[%clk 00:09:55]} {[%emt 00:00:12]} 9. Nc3
{[%clk 00:09:32]} {[%emt 00:00:38]} O-O {[%clk 00:09:21]} {[%emt 00:00:39]} 10.
Nxd5 {[%clk 00:09:35]} {[%emt 00:00:02]} exd5 {[%clk 00:09:21]} {[%emt
00:00:05]} 11. Be3 {[%clk 00:08:59]} {[%emt 00:00:41]} b6 {[%clk 00:08:41]}
{[%emt 00:00:45]} 12. Bb5 {[%clk 00:07:53]} {[%emt 00:01:11]} Bb7 {[%clk
00:08:09]} {[%emt 00:00:37]} 13. Qa4 {[%clk 00:07:07]} {[%emt 00:00:48]} Nb8
{[%clk 00:06:04]} {[%emt 00:02:13]} 14. Rac1 {[%clk 00:06:31]} {[%emt
00:00:40]} a6 {[%clk 00:05:48]} {[%emt 00:00:22]} 15. Bd3 {[%clk 00:06:30]}
{[%emt 00:00:05]} Nd7 {[%clk 00:05:40]} {[%emt 00:00:14]} 16. Rc2 {[%clk
00:04:00]} {[%emt 00:02:35]} dxe5 {[%clk 00:03:50]} {[%emt 00:01:55]} 17. Nxe5
{[%clk 00:03:36]} {[%emt 00:00:29]} Nxe5 {[%clk 00:03:40]} {[%emt 00:00:15]} 18.
dxe5 {[%clk 00:03:38]} {[%emt 00:00:02]} b5 {[%clk 00:03:26]} {[%emt 00:00:20]}
19. Qb3 {[%clk 00:03:39]} {[%emt 00:00:03]} d4 {[%clk 00:03:25]} {[%emt
00:00:06]} 20. Bxh7+ {[%clk 00:02:34]} {[%emt 00:01:10]} Kxh7 {[%clk 00:02:55]}
{[%emt 00:00:35]} 21. Qd3+ {[%clk 00:02:37]} {[%emt 00:00:02]} Kg8 {[%clk
00:02:55]} {[%emt 00:00:05]} 22. Bxd4 {[%clk 00:02:01]} {[%emt 00:00:43]} Qd5
{[%clk 00:02:51]} {[%emt 00:00:08]} 23. f3 {[%clk 00:01:59]} {[%emt 00:00:08]}
Rfd8 {[%clk 00:02:46]} {[%emt 00:00:09]} 24. Rd2 {[%clk 00:01:58]} {[%emt
00:00:06]} Bb4 {[%clk 00:02:34]} {[%emt 00:00:17]} 25. Rdd1 {[%clk 00:01:12]}
{[%emt 00:00:51]} Qxd4+ {[%clk 00:01:58]} {[%emt 00:00:40]} 26. Qxd4 {[%clk
00:01:14]} {[%emt 00:00:04]} Rxd4 {[%clk 00:01:59]} {[%emt 00:00:04]} 27. Rxd4
{[%clk 00:01:18]} {[%emt 00:00:01]} Bc5 {[%clk 00:02:02]} {[%emt 00:00:02]} 28.
Rfd1 {[%clk 00:01:22]} {[%emt 00:00:02]} Rd8 {[%clk 00:02:02]} {[%emt
00:00:04]} 29. Kf1 {[%clk 00:01:25]} {[%emt 00:00:01]} Rxd4 {[%clk 00:02:04]}
{[%emt 00:00:04]} 30. Rxd4 {[%clk 00:01:21]} {[%emt 00:00:09]} Bxd4 {[%clk
00:02:06]} {[%emt 00:00:02]} 31. f4 {[%clk 00:01:02]} {[%emt 00:00:26]} Bxb2
{[%clk 00:02:05]} {[%emt 00:00:05]} 32. g3 {[%clk 00:01:04]} {[%emt 00:00:03]}
Bd5 {[%clk 00:02:05]} {[%emt 00:00:05]} 33. Ke1 {[%clk 00:00:47]} {[%emt
00:00:22]} Bxa2 {[%clk 00:02:00]} {[%emt 00:00:10]} 34. Kd2 {[%clk 00:00:51]}
Be6 {[%clk 00:01:50]} {[%emt 00:00:16]} 35. Kc2 {[%clk 00:00:55]} {[%emt
00:00:01]} Ba3 {[%clk 00:01:51]} {[%emt 00:00:03]} 36. Kb1 {[%clk 00:00:57]}
{[%emt 00:00:04]} b4 {[%clk 00:01:53]} {[%emt 00:00:04]} 37. Kc2 {[%clk
00:01:00]} {[%emt 00:00:02]} b3+ {[%clk 00:01:54]} {[%emt 00:00:03]} 38. Kb1
{[%clk 00:01:03]} {[%emt 00:00:02]} b2 {[%clk 00:01:52]} {[%emt 00:00:07]} 39.
Kc2 {[%clk 00:01:06]} {[%emt 00:00:02]} Ba2 {[%clk 00:01:54]} {[%emt 00:00:04]}
0-1

[Event "World Youth & Cadets Rapid Championships"]
[Site "Rhodes, Greece"]
[Date "2022.05.01"]
[Round "3.42"]
[White "Berezovskaya, Arina"]
[Black "Gawerska, Karolina"]
[Result "1-0"]
[TimeControl "10'/game & 5\"/move"]
[WhiteElo "1219"]
[BlackElo "1161"]

1. e4 {[%clk 00:10:09]} {[%emt 00:00:01]} c5 {[%clk 00:10:09]} {[%emt
00:00:02]} 2. Nf3 {[%clk 00:10:12]} {[%emt 00:00:01]} Nc6 {[%clk 00:10:12]}
{[%emt 00:00:02]} 3. Bb5 {[%clk 00:10:14]} {[%emt 00:00:03]} g6 {[%clk
00:10:13]} {[%emt 00:00:04]} 4. Bxc6 {[%clk 00:10:15]} {[%emt 00:00:04]} bxc6
{[%clk 00:10:20]} {[%emt 00:00:03]} 5. O-O {[%clk 00:10:16]} {[%emt 00:00:09]}
Bg7 {[%clk 00:10:24]} 6. c3 {[%clk 00:10:08]} {[%emt 00:00:13]} d6 {[%clk
00:10:21]} {[%emt 00:00:08]} 7. d4 {[%clk 00:10:09]} {[%emt 00:00:04]} cxd4
{[%clk 00:10:24]} {[%emt 00:00:02]} 8. cxd4 {[%clk 00:10:12]} {[%emt 00:00:02]}
Bg4 {[%clk 00:10:26]} {[%emt 00:00:03]} 9. Be3 {[%clk 00:09:55]} {[%emt
00:00:21]} Nf6 {[%clk 00:10:26]} {[%emt 00:00:06]} 10. Nc3 {[%clk 00:09:16]}
{[%emt 00:00:44]} O-O {[%clk 00:10:27]} {[%emt 00:00:04]} 11. h3 {[%clk
00:09:19]} {[%emt 00:00:02]} Bd7 {[%clk 00:10:29]} {[%emt 00:00:03]} 12. Qd2
{[%clk 00:09:11]} {[%emt 00:00:13]} Rb8 {[%clk 00:10:09]} {[%emt 00:00:25]} 13.
Rad1 {[%clk 00:08:57]} {[%emt 00:00:19]} Qc7 {[%clk 00:09:53]} {[%emt
00:00:21]} 14. e5 {[%clk 00:08:17]} {[%emt 00:00:44]} dxe5 {[%clk 00:09:55]}
{[%emt 00:00:04]} 15. dxe5 {[%clk 00:08:19]} {[%emt 00:00:04]} Ne8 {[%clk
00:09:50]} {[%emt 00:00:08]} 16. Qxd7 {[%clk 00:08:18]} {[%emt 00:00:06]} Qxd7
{[%clk 00:09:52]} {[%emt 00:00:03]} 17. Rxd7 {[%clk 00:08:21]} {[%emt
00:00:02]} Rxb2 {[%clk 00:09:36]} {[%emt 00:00:21]} 18. Rxe7 {[%clk 00:07:51]}
{[%emt 00:00:36]} Rc2 {[%clk 00:09:19]} {[%emt 00:00:22]} 19. Rc1 {[%clk
00:07:45]} {[%emt 00:00:10]} Rb2 {[%clk 00:09:10]} {[%emt 00:00:14]} 20. Rxa7
{[%clk 00:07:34]} {[%emt 00:00:17]} Rb8 {[%clk 00:08:58]} {[%emt 00:00:16]} 21.
Bc5 {[%clk 00:07:36]} {[%emt 00:00:04]} Bh6 {[%clk 00:08:49]} {[%emt 00:00:14]}
22. Rb1 {[%clk 00:07:25]} {[%emt 00:00:14]} Rc8 {[%clk 00:08:46]} {[%emt
00:00:11]} 23. Bxf8 {[%clk 00:07:24]} {[%emt 00:00:05]} Bxf8 {[%clk 00:08:47]}
{[%emt 00:00:03]} 24. Rbb7 {[%clk 00:07:25]} {[%emt 00:00:06]} Bh6 {[%clk
00:08:41]} {[%emt 00:00:10]} 25. Rxf7 {[%clk 00:07:09]} {[%emt 00:00:21]} c5
{[%clk 00:08:37]} {[%emt 00:00:09]} 26. Rxh7 {[%clk 00:06:45]} {[%emt
00:00:28]} Bf8 {[%clk 00:08:32]} {[%emt 00:00:11]} 27. Rhb7 {[%clk 00:06:24]}
{[%emt 00:00:27]} c4 {[%clk 00:08:27]} {[%emt 00:00:09]} 28. e6 {[%clk
00:06:10]} {[%emt 00:00:18]} Bg7 {[%clk 00:08:24]} {[%emt 00:00:08]} 29. Ne4
{[%clk 00:05:35]} {[%emt 00:00:40]} c3 {[%clk 00:08:19]} {[%emt 00:00:12]} 30.
Rb1 {[%clk 00:05:08]} {[%emt 00:00:31]} c2 {[%clk 00:08:19]} {[%emt 00:00:05]}
31. Rc1 {[%clk 00:05:05]} {[%emt 00:00:08]} Bh6 {[%clk 00:08:18]} {[%emt
00:00:05]} 32. Neg5 {[%clk 00:04:49]} {[%emt 00:00:21]} Nf6 {[%clk 00:07:33]}
{[%emt 00:00:51]} 33. h4 {[%clk 00:04:20]} {[%emt 00:00:34]} Kf8 {[%clk
00:06:58]} {[%emt 00:00:40]} 34. Rf7+ {[%clk 00:04:10]} {[%emt 00:00:14]} Ke8
{[%emt 00:00:09]} 35. Rxf6 {[%clk 00:04:00]} {[%emt 00:00:14]} Ke7 {[%clk
00:06:59]} {[%emt 00:00:02]} 36. Rf7+ {[%clk 00:04:01]} {[%emt 00:00:04]} Ke8
{[%clk 00:06:59]} {[%emt 00:00:05]} 37. Nd4 {[%clk 00:03:49]} {[%emt 00:00:17]}
Bxg5 {[%clk 00:06:26]} {[%emt 00:00:38]} 38. hxg5 {[%clk 00:03:53]} {[%emt
00:00:02]} Rd8 {[%clk 00:06:26]} {[%emt 00:00:04]} 39. Nxc2 {[%clk 00:03:55]}
{[%emt 00:00:03]} Rd6 {[%clk 00:06:25]} {[%emt 00:00:06]} 40. Rf6 {[%clk
00:03:54]} {[%emt 00:00:05]} Ke7 {[%emt 00:00:04]} 41. Ne3 {[%clk 00:03:55]}
{[%emt 00:00:03]} Ke8 {[%clk 00:06:19]} {[%emt 00:00:14]} 42. Rxg6 {[%clk
00:03:54]} {[%emt 00:00:07]} Ke7 {[%clk 00:06:11]} {[%emt 00:00:12]} 43. Rc7+
{[%clk 00:03:53]} {[%emt 00:00:05]} Kf8 {[%clk 00:06:14]} {[%emt 00:00:03]} 44.
Rh6 {[%clk 00:03:53]} {[%emt 00:00:05]} Kg8 {[%clk 00:06:13]} {[%emt 00:00:06]}
45. e7 {[%clk 00:03:52]} {[%emt 00:00:06]} Kf7 46. Rxd6 Ke8 {[%clk 00:05:50]}
{[%emt 00:00:02]} 47. Rd8+ {[%clk 00:03:52]} {[%emt 00:00:02]} Kf7 {[%emt
00:00:04]} 48. e8=Q# {[%clk 00:03:53]} {[%emt 00:00:13]} 1-0

[Event "World Youth & Cadets Rapid Championships"]
[Site "Rhodes, Greece"]
[Date "2022.05.01"]
[Round "4.1"]
[White "Nogerbek, Kazybek"]
[Black "Koziorowicz, Michal"]
[Result "1/2-1/2"]
[TimeControl "10'/game & 5\"/move"]
[WhiteElo "2308"]
[BlackElo "2076"]

1. c4 {[%clk 00:10:09]} d6 {[%clk 00:10:01]} {[%emt 00:00:10]} 2. Nc3 {[%clk
00:10:10]} {[%emt 00:00:04]} e5 {[%clk 00:10:03]} {[%emt 00:00:03]} 3. d4
{[%clk 00:10:00]} {[%emt 00:00:14]} Nc6 {[%clk 00:09:44]} {[%emt 00:00:25]} 4.
Nf3 {[%clk 00:10:03]} {[%emt 00:00:01]} Bg4 {[%clk 00:09:04]} {[%emt 00:00:45]}
5. d5 {[%clk 00:09:48]} {[%emt 00:00:20]} Nce7 {[%clk 00:08:43]} {[%emt
00:00:27]} 6. e4 {[%clk 00:09:40]} {[%emt 00:00:12]} g6 {[%clk 00:08:36]}
{[%emt 00:00:12]} 7. Be2 {[%clk 00:08:54]} {[%emt 00:00:51]} Bxf3 {[%clk
00:08:37]} {[%emt 00:00:04]} 8. Bxf3 {[%clk 00:08:58]} {[%emt 00:00:02]} Bg7
{[%clk 00:08:41]} {[%emt 00:00:01]} 9. O-O {[%clk 00:08:35]} {[%emt 00:00:27]}
Nf6 {[%clk 00:08:33]} {[%emt 00:00:14]} 10. g3 {[%clk 00:08:06]} {[%emt
00:00:34]} O-O {[%clk 00:08:31]} {[%emt 00:00:07]} 11. Bg2 {[%clk 00:08:09]}
{[%emt 00:00:02]} Nd7 {[%clk 00:08:34]} {[%emt 00:00:02]} 12. Be3 {[%clk
00:07:54]} {[%emt 00:00:20]} f5 {[%clk 00:08:14]} {[%emt 00:00:25]} 13. exf5
{[%clk 00:07:57]} {[%emt 00:00:02]} gxf5 {[%clk 00:08:06]} {[%emt 00:00:12]} 14.
f4 {[%clk 00:08:00]} {[%emt 00:00:02]} e4 {[%clk 00:08:01]} {[%emt 00:00:10]}
15. h3 {[%clk 00:06:27]} {[%emt 00:01:39]} Nc5 {[%clk 00:07:01]} {[%emt
00:01:05]} 16. Qe2 {[%clk 00:06:05]} {[%emt 00:00:26]} Qd7 {[%clk 00:06:31]}
{[%emt 00:00:36]} 17. Rad1 {[%clk 00:04:33]} {[%emt 00:01:37]} a6 {[%clk
00:06:22]} {[%emt 00:00:14]} 18. g4 {[%clk 00:04:11]} {[%emt 00:00:27]} Rae8
{[%clk 00:05:05]} {[%emt 00:01:21]} 19. Kh1 {[%clk 00:04:00]} {[%emt 00:00:16]}
Nd3 {[%clk 00:04:38]} {[%emt 00:00:33]} 20. Rg1 {[%clk 00:02:34]} {[%emt
00:01:31]} fxg4 {[%clk 00:04:20]} {[%emt 00:00:22]} 21. Bxe4 {[%clk 00:02:26]}
{[%emt 00:00:13]} Nxf4 {[%clk 00:04:16]} {[%emt 00:00:10]} 22. Qxg4 {[%clk
00:02:24]} {[%emt 00:00:07]} Qxg4 {[%clk 00:04:14]} {[%emt 00:00:06]} 23. Rxg4
{[%clk 00:02:27]} {[%emt 00:00:02]} Neg6 {[%clk 00:04:07]} {[%emt 00:00:13]} 24.
Bxf4 {[%clk 00:01:48]} {[%emt 00:00:44]} Nxf4 {[%clk 00:03:32]} {[%emt
00:00:39]} 25. Rdg1 {[%clk 00:01:50]} {[%emt 00:00:03]} Re7 {[%clk 00:03:13]}
{[%emt 00:00:26]} 26. Rh4 {[%clk 00:01:35]} {[%emt 00:00:20]} h5 {[%clk
00:03:02]} {[%emt 00:00:15]} 27. Rg5 {[%clk 00:00:30]} {[%emt 00:01:10]} Re5
{[%clk 00:02:07]} {[%emt 00:01:00]} 28. Rg3 {[%clk 00:00:29]} {[%emt 00:00:06]}
Re7 {[%clk 00:01:50]} {[%emt 00:00:22]} 1/2-1/2

[Event "World Youth & Cadets Rapid Championships"]
[Site "Rhodes, Greece"]
[Date "2022.05.01"]
[Round "4.2"]
[White "Kushko, Dmitriy"]
[Black "Czernek, Tymon"]
[Result "1-0"]
[TimeControl "10'/game & 5\"/move"]
[WhiteElo "2311"]
[BlackElo "2085"]

1. Nf3 {[%clk 00:10:08]} {[%emt 00:00:02]} f5 {[%clk 00:10:03]} {[%emt
00:00:08]} 2. g3 {[%clk 00:10:09]} {[%emt 00:00:04]} Nf6 {[%clk 00:10:06]}
{[%emt 00:00:02]} 3. Bg2 {[%clk 00:10:12]} {[%emt 00:00:02]} g6 {[%clk
00:10:10]} {[%emt 00:00:01]} 4. b3 {[%clk 00:10:15]} {[%emt 00:00:03]} Bg7
{[%clk 00:10:13]} {[%emt 00:00:01]} 5. Bb2 {[%clk 00:10:18]} {[%emt 00:00:02]}
O-O {[%clk 00:10:14]} {[%emt 00:00:05]} 6. O-O {[%clk 00:10:20]} {[%emt
00:00:03]} d6 {[%clk 00:10:10]} {[%emt 00:00:09]} 7. d4 {[%clk 00:10:22]}
{[%emt 00:00:02]} Qe8 {[%clk 00:09:22]} {[%emt 00:00:53]} 8. c4 {[%clk
00:10:24]} {[%emt 00:00:03]} Ne4 {[%clk 00:07:57]} {[%emt 00:01:30]} 9. Nbd2
{[%clk 00:10:00]} {[%emt 00:00:28]} c6 {[%clk 00:07:13]} {[%emt 00:00:50]} 10.
Qc2 {[%clk 00:08:26]} {[%emt 00:01:38]} Nxd2 {[%clk 00:07:10]} {[%emt
00:00:09]} 11. Nxd2 {[%clk 00:08:27]} {[%emt 00:00:03]} e5 {[%clk 00:06:42]}
{[%emt 00:00:34]} 12. dxe5 {[%clk 00:08:20]} {[%emt 00:00:12]} dxe5 {[%clk
00:06:44]} {[%emt 00:00:03]} 13. c5 {[%clk 00:08:16]} {[%emt 00:00:09]} Qe7
{[%clk 00:05:54]} {[%emt 00:00:55]} 14. Nc4 {[%clk 00:07:33]} {[%emt 00:00:48]}
Na6 {[%clk 00:05:53]} {[%emt 00:00:06]} 15. Nd6 {[%clk 00:07:05]} {[%emt
00:00:33]} Be6 {[%clk 00:05:42]} {[%emt 00:00:15]} 16. a3 {[%clk 00:06:48]}
{[%emt 00:00:23]} Rab8 {[%clk 00:04:24]} {[%emt 00:01:24]} 17. b4 {[%clk
00:06:41]} {[%emt 00:00:11]} Nc7 {[%clk 00:04:26]} {[%emt 00:00:03]} 18. Rad1
{[%clk 00:05:08]} {[%emt 00:01:38]} Rfd8 {[%clk 00:04:26]} {[%emt 00:00:05]} 19.
Qc1 {[%clk 00:03:22]} {[%emt 00:01:51]} Ne8 {[%clk 00:03:22]} {[%emt 00:01:09]}
20. Nxe8 {[%clk 00:01:58]} {[%emt 00:01:29]} Qxe8 {[%clk 00:03:25]} {[%emt
00:00:01]} 21. e4 {[%clk 00:01:46]} {[%emt 00:00:18]} fxe4 {[%clk 00:01:54]}
{[%emt 00:01:36]} 22. Bxe4 {[%clk 00:01:43]} {[%emt 00:00:07]} Bd5 {[%clk
00:01:25]} {[%emt 00:00:35]} 23. Qe3 {[%clk 00:01:26]} {[%emt 00:00:22]} Qe6
{[%clk 00:01:00]} {[%emt 00:00:29]} 24. Rfe1 {[%clk 00:01:25]} {[%emt
00:00:07]} Re8 {[%clk 00:01:04]} {[%emt 00:00:02]} 25. Bxd5 {[%clk 00:01:02]}
{[%emt 00:00:27]} cxd5 {[%clk 00:01:07]} {[%emt 00:00:02]} 26. f4 {[%clk
00:01:06]} {[%emt 00:00:01]} Rbd8 {[%clk 00:00:25]} {[%emt 00:00:47]} 27. Bxe5
{[%clk 00:01:09]} {[%emt 00:00:02]} Bxe5 {[%clk 00:00:20]} {[%emt 00:00:10]} 28.
fxe5 {[%clk 00:01:00]} {[%emt 00:00:14]} a5 {[%clk 00:00:11]} {[%emt 00:00:14]}
29. Rd4 {[%clk 00:00:45]} {[%emt 00:00:19]} axb4 {[%clk 00:00:15]} {[%emt
00:00:02]} 30. axb4 {[%clk 00:00:48]} {[%emt 00:00:02]} b6 {[%clk 00:00:10]}
{[%emt 00:00:10]} 31. Qf3 {[%clk 00:00:22]} {[%emt 00:00:31]} Rf8 {[%clk
00:00:10]} {[%emt 00:00:06]} 32. Qe3 {[%clk 00:00:16]} {[%emt 00:00:11]} Rfe8
{[%clk 00:00:13]} 33. Rf4 {[%clk 00:00:11]} {[%emt 00:00:10]} bxc5 {[%clk
00:00:14]} {[%emt 00:00:05]} 34. bxc5 {[%clk 00:00:15]} Rc8 {[%clk 00:00:13]}
{[%emt 00:00:06]} 35. Rf2 {[%clk 00:00:07]} {[%emt 00:00:13]} Qc6 {[%clk
00:00:12]} {[%emt 00:00:06]} 36. Rc2 {[%clk 00:00:11]} {[%emt 00:00:01]} Qa4
{[%clk 00:00:11]} {[%emt 00:00:06]} 37. Qd3 {[%clk 00:00:14]} {[%emt 00:00:02]}
Qa5 {[%clk 00:00:10]} {[%emt 00:00:06]} 38. Qxd5+ {[%clk 00:00:15]} {[%emt
00:00:03]} Kh8 {[%clk 00:00:15]} 39. Ree2 {[%clk 00:00:17]} {[%emt 00:00:03]}
Rcd8 {[%clk 00:00:17]} {[%emt 00:00:03]} 40. Qe4 {[%clk 00:00:19]} {[%emt
00:00:03]} Qa1+ {[%clk 00:00:10]} {[%emt 00:00:12]} 41. Re1 {[%clk 00:00:21]}
{[%emt 00:00:03]} Rd1 {[%clk 00:00:13]} {[%emt 00:00:02]} 42. Rce2 {[%clk
00:00:26]} Rxe1+ {[%clk 00:00:10]} {[%emt 00:00:09]} 43. Rxe1 {[%clk 00:00:30]}
{[%emt 00:00:01]} Qc3 {[%clk 00:00:13]} 44. Qe3 {[%clk 00:00:34]} Qc2 {[%clk
00:00:16]} {[%emt 00:00:02]} 45. e6 {[%clk 00:00:38]} {[%emt 00:00:02]} Kg8
{[%clk 00:00:16]} {[%emt 00:00:04]} 46. e7 {[%clk 00:00:42]} {[%emt 00:00:01]}
Qc4 {[%clk 00:00:16]} {[%emt 00:00:05]} 47. Qe5 {[%clk 00:00:43]} {[%emt
00:00:03]} Qc2 {[%clk 00:00:07]} {[%emt 00:00:15]} 48. Re2 {[%clk 00:00:33]}
{[%emt 00:00:15]} Qc1+ {[%clk 00:00:11]} {[%emt 00:00:02]} 49. Kg2 {[%clk
00:00:37]} {[%emt 00:00:01]} Qc4 {[%clk 00:00:10]} {[%emt 00:00:05]} 50. h4
{[%clk 00:00:40]} {[%emt 00:00:02]} Qa6 {[%clk 00:00:10]} {[%emt 00:00:05]} 51.
Re3 {[%clk 00:00:30]} {[%emt 00:00:15]} Qa2+ {[%clk 00:00:13]} {[%emt
00:00:02]} 52. Kh3 {[%clk 00:00:33]} {[%emt 00:00:02]} Qb1 {[%clk 00:00:13]}
{[%emt 00:00:06]} 53. Qe6+ {[%clk 00:00:32]} {[%emt 00:00:06]} Kg7 {[%clk
00:00:17]} {[%emt 00:00:01]} 54. Qe5+ {[%clk 00:00:32]} {[%emt 00:00:04]} Kg8
{[%clk 00:00:21]} 55. Kg2 {[%clk 00:00:32]} {[%emt 00:00:04]} Qa2+ {[%clk
00:00:23]} {[%emt 00:00:02]} 56. Re2 {[%clk 00:00:36]} {[%emt 00:00:03]} Qa6
{[%clk 00:00:26]} {[%emt 00:00:02]} 57. Rf2 {[%clk 00:00:25]} {[%emt 00:00:16]}
Qb7+ {[%clk 00:00:28]} {[%emt 00:00:03]} 58. Kh2 {[%clk 00:00:23]} {[%emt
00:00:06]} Qxe7 {[%clk 00:00:31]} {[%emt 00:00:03]} 59. Qxe7 {[%clk 00:00:21]}
{[%emt 00:00:07]} Rxe7 {[%clk 00:00:35]} 60. Rc2 {[%clk 00:00:18]} {[%emt
00:00:08]} Kf7 {[%clk 00:00:33]} {[%emt 00:00:07]} 61. c6 {[%clk 00:00:16]}
{[%emt 00:00:07]} Rc7 {[%clk 00:00:37]} 62. Kg2 {[%clk 00:00:20]} {[%emt
00:00:01]} Kf6 {[%clk 00:00:34]} {[%emt 00:00:09]} 63. Kf3 {[%clk 00:00:22]} h6
{[%clk 00:00:10]} {[%emt 00:00:30]} 64. Ke4 {[%clk 00:00:19]} {[%emt 00:00:07]}
Ke6 {[%clk 00:00:14]} {[%emt 00:00:02]} 65. g4 {[%clk 00:00:21]} {[%emt
00:00:03]} h5 {[%clk 00:00:11]} {[%emt 00:00:08]} 66. Kf4 {[%clk 00:00:10]}
{[%emt 00:00:16]} hxg4 {[%clk 00:00:09]} {[%emt 00:00:08]} 67. Kxg4 {[%clk
00:00:14]} Kf6 {[%clk 00:00:11]} {[%emt 00:00:02]} 68. Rc1 {[%clk 00:00:17]}
{[%emt 00:00:02]} Kf7 {[%clk 00:00:09]} {[%emt 00:00:07]} 69. Kg5 {[%clk
00:00:18]} {[%emt 00:00:03]} Kg7 {[%clk 00:00:13]} {[%emt 00:00:02]} 70. Rc2
{[%clk 00:00:16]} {[%emt 00:00:07]} Kf7 {[%clk 00:00:16]} {[%emt 00:00:02]} 71.
Rc3 {[%clk 00:00:12]} {[%emt 00:00:08]} Kg7 {[%clk 00:00:21]} {[%emt 00:00:01]}
72. Rc2 {[%clk 00:00:08]} {[%emt 00:00:09]} Kf7 {[%clk 00:00:25]} {[%emt
00:00:02]} 73. Rf2+ {[%clk 00:00:10]} {[%emt 00:00:03]} Kg7 {[%clk 00:00:16]}
{[%emt 00:00:13]} 74. Rf6 {[%clk 00:00:14]} {[%emt 00:00:01]} Ra7 {[%clk
00:00:13]} {[%emt 00:00:08]} 75. Rxg6+ {[%clk 00:00:17]} {[%emt 00:00:01]} Kh7
{[%clk 00:00:18]} 76. Rd6 {[%clk 00:00:21]} {[%emt 00:00:02]} Ra5+ {[%clk
00:00:20]} {[%emt 00:00:02]} 77. Kf6 {[%clk 00:00:24]} {[%emt 00:00:01]} Rc5
{[%clk 00:00:22]} {[%emt 00:00:04]} 78. Ke7 {[%clk 00:00:28]} {[%emt 00:00:01]}
Kg7 {[%clk 00:00:26]} {[%emt 00:00:02]} 79. Kd8 {[%clk 00:00:29]} {[%emt
00:00:02]} 1-0